书目信息 |
| 题名: |
五代那些事儿
|
|
| 作者: | 余耀华 著 | |
| 分册: | 壹 朱温罢唐卷 | |
| 出版信息: | 北京 中国工人出版社 2017.07 |
|
| 页数: | 301页 | |
| 开本: | 24cm | |
| 丛书名: | 历史新阅读丛书 | |
| 单 册: | ||
| 中图分类: | K243.109 | |
| 科图分类: | ||
| 主题词: | 五代(907-960)--古代史--通俗读物 | |
| 电子资源: | ||
| ISBN: | 978-7-5008-6729-6 | |
| 000 | 00906oam2 2200265 450 | |
| 001 | 0120172236676 | |
| 005 | 20171023080726.43 | |
| 010 | @a978-7-5008-6729-6@dCNY39.00 | |
| 100 | @a20170710d2017 em y0chiy50 ea | |
| 101 | 0 | @achi |
| 102 | @aCN@b110000 | |
| 105 | @ay z 000yy | |
| 106 | @ar | |
| 200 | 1 | @a五代那些事儿@9wu dai na xie shi er@h壹@i朱温罢唐卷@f余耀华著 |
| 210 | @a北京@c中国工人出版社@d2017.07 | |
| 215 | @a301页@d24cm | |
| 225 | 2 | @a历史新阅读丛书 |
| 330 | @a本书共分为二十六章,内容包括:朱温发迹史、暴发户、野心、恶人当国、谁怕谁、生子当如李亚子、扭曲的人性、梁晋之战、天字号恶人、最荒唐的交易、大燕皇帝的下场、天上掉馅饼等。 | |
| 333 | @a历史研究者 | |
| 461 | 0 | @12001 @a历史新阅读丛书 |
| 606 | 0 | @a五代(907-960)@x古代史@j通俗读物 |
| 690 | @aK243.109@v5 | |
| 701 | 0 | @a余耀华@9yu yao hua@4著 |
| 801 | 0 | @aCN@b人天书店@c20170710 |
| 905 | @b1080265-70@dK243.109@e18:1@f6 | |
| 五代那些事儿.壹.朱温罢唐卷/余耀华著.-北京:中国工人出版社,2017.07 |
| 301页;24cm.-(历史新阅读丛书) |
| 使用对象:历史研究者 |
| ISBN 978-7-5008-6729-6:CNY39.00 |
| 本书共分为二十六章,内容包括:朱温发迹史、暴发户、野心、恶人当国、谁怕谁、生子当如李亚子、扭曲的人性、梁晋之战、天字号恶人、最荒唐的交易、大燕皇帝的下场、天上掉馅饼等。 |
| ● |
| 相关链接 |
|
|
|
|
正题名:五代那些事儿
索取号:K243.109/18:1
 
预约/预借
| 序号 | 登录号 | 条形码 | 馆藏地/架位号 | 状态 | 备注 |
| 1 | 1080265 | 210802657 | 第二样本阅览室/ [索取号:K243.109/18:1] | 在馆 | |
| 2 | 1080266 | 210802666 | 密集书库-文学院/ [索取号:K243.109/18:1] | 在馆 | |
| 3 | 1080267 | 210802675 | 第二借阅区/ [索取号:K243.109/18:1] | 在馆 | |
| 4 | 1080268 | 210802684 | 第二借阅区/ [索取号:K243.109/18:1] | 在馆 | |
| 5 | 1080269 | 210802693 | 第二借阅区/ [索取号:K243.109/18:1] | 在馆 | |
| 6 | 1080270 | 210802700 | 第二借阅区/ [索取号:K243.109/18:1] | 在馆 |